000 00598naa a2200217 i 4500
001 90955
003 ES-MaBCM
005 20241016125733.0
008 030522s2003 fra 000 0 fre d
021 _axx
035 _a(OCoLC)1365239361
040 _cES-MaBCM
041 0 _afre
043 _afra
100 1 _aRozier, Sabine
_940970
245 1 0 _aLe mécént culturel des entreprises
_cSabine Rozier
650 7 _aMecenazgo
_959373
651 4 _aFrancia
_9115364
773 0 _aEn:
_tLes cahiers français
_dParis : 2003
_w104353
_gnº 31, janv.-févr., p. 56-61. - Loc. S.79
942 _cAREV
999 _c90955
_d90955